| 000 | 02032cam a22004454i 4500 | ||
|---|---|---|---|
| 003 | PE-LiUPU | ||
| 005 | 20250731172812.0 | ||
| 008 | 150617s r 000 0 d | ||
| 035 | _a(Sirsi) a13540 | ||
| 040 |
_aPE-LiUPU _bspa _cPE-LiUPU _erda |
||
| 049 | _aPRUA | ||
| 082 | 0 | 4 |
_a248 _bL11 _221 |
| 100 | 1 |
_aLickey, Arthur E., _eautor. |
|
| 245 | 1 | 0 |
_aHighways to thuth : _bGod speaks to modern man / _cArthur E. Lickey. |
| 264 | 1 |
_aWashington : _bReview And Herald, _c1947. |
|
| 300 |
_a544 páginas : _bil. ; _c20 cm |
||
| 336 |
_atext _2rdacontent |
||
| 337 |
_aunmediated _2rdamedia |
||
| 338 |
_avolume _2rdacarrier |
||
| 505 | 0 | _aSection one-man's questions about God. -Section two - man's questions about evil. -Section three - man's questions about the bible. -Highw ays to truth. -Section four - God speaks to man about christ. -Section five - God speaks through the prophecy of daniel. -Section six - god speaks concerning heaven's governmet for man. -Section seven - god speaks concerning heaven's trademark and sign. -Section eight - god speaks concerning divine healing and healthful living. -Section nine - god speaks concerning death and immortality. -Section ten - god speaks concerning the prophecies of revelation. -Section eleven - god speaks concerning the church, civilization, and happiness. | |
| 526 | _aSEG42 | ||
| 526 | _aSEG41 | ||
| 526 | _aSEG40 | ||
| 526 | _aSEG39 | ||
| 526 | _aP94 | ||
| 526 | _aP87 | ||
| 526 | _aP86 | ||
| 526 | _aP85 | ||
| 526 | _aP77 | ||
| 526 | _aP76 | ||
| 526 | _aP35 | ||
| 650 | 0 | 4 | _aVida cristiana. |
| 910 |
_ajck _bjvq _cjck _d20150616 |
||
| 942 |
_2ddc _cBOOK |
||
| 949 |
_a248 L11 _wDEWEY _c1 _i11665 _lCCODEBUL1 _mBUL _p00.00 _r0 _sY _tBOOK _u19920604 _xTEOLOGIA _PP35 _0COMPRA _o.STAFF. Colección General |
||
| 994 |
_aC0 _bPEPRU |
||
| 596 | _a1 | ||
| 999 |
_a248 L11 _wDEWEY _c3919 _i11665 _f2021-11-11 _g5 _lCCODEBUL1 _mBUL _r0 _sY _tBOOK _u2015-6-17 _xTEOLOGIA _PP35 _0COMPRA _o.STAFF. Colección General _d3919 |
||
| 980 |
_81 _gALBERTO SANCHEZ Responsable de Automatización |
||